Rámce pre Corporate governance v slovenských poisťovniach
Charakteristika corporate governance. Podstata a základné princípy corporate governance v poisťovniach. Corporate governance v slovenských poisťovniach.
Salvato in:
| Autore principale: | |
|---|---|
| Natura: | Capitolo di libro |
| Lingua: | slovacco |
| Soggetti: | |
| Tags: |
Nessun Tag, puoi essere il primo ad aggiungerne!!
|
MARC
| LEADER | 00000nla$a2200000$$$4500 | ||
|---|---|---|---|
| 001 | 0077827 | ||
| 005 | 20240502071911.7 | ||
| 041 | 0 | |a slo | |
| 044 | |a SK | ||
| 245 | 1 | 0 | |a Rámce pre Corporate governance v slovenských poisťovniach |c Anna Majtánová |
| 520 | |a Charakteristika corporate governance. Podstata a základné princípy corporate governance v poisťovniach. Corporate governance v slovenských poisťovniach. | ||
| 610 | 2 | 0 | |a riadenie |
| 610 | 2 | 0 | |a kontrola |
| 610 | 2 | 0 | |a poisťovníctvo |
| 610 | 2 | 0 | |a rady správne |
| 610 | 2 | 0 | |a aktuári |
| 610 | 2 | 0 | |a zodpovednosť |
| 100 | 1 | |a Majtánová, Anna | |